El librero de Kabul (Registro nro. 22906)

Detalles MARC
000 -CABECERA
Longitud fija campo de control 00685nam a2200229 a 4500
001 - NÚMERO DE CONTROL
Número de control ES-MaREB00802435-9
003 - IDENTIFICADOR DELl NÚMERO DE CONTROL
Identificador del número de control OSt
005 - FECHA Y HORA DE LA ÚLTIMA TRANSACCIÓN
Fecha y hora de la última transacción 20151012171812.0
008 - CÓDIGOS DE INFORMACIÓN DE LONGITUD FIJA
Códigos de información de longitud fija 061114s2005 esp 000 f spa d
020 ## - NÚMERO INTERNACIONAL NORMALIZADO PARA LIBROS
Número Internacional Normalizado para Libros (ISBN) 84-96231-44-5
040 ## - FUENTE DE LA CATALOGACIÓN
Centro transcriptor BMC
082 ## - NÚMERO DE LA CLASIFICACIÓN DECIMAL DEWEY
Númeroo de clasificación 839.83
100 1# - PUNTO DE ACCESO PRINCIPAL-NOMBRE DE PERSONA
Nombre de persona Seierstad, Åsne
9 (RLIN) 36692
245 13 - MENCIÓN DE TÍTULO
Título El librero de Kabul
Mención de responsabilidad, etc. Asne Seierstad; traducción, Sara Hoyrup, Marcelo Covián
260 ## - PUBLICACIÓN, DISTRIBUCIÓN, ETC. (PIE DE IMPRENTA)
Lugar de publicación, distribución, etc. Madrid
Nombre del editor, distribuidor, etc. Maeva
Fecha de publicación, distribución, etc. D.L. 2005
300 ## - DESCRIPCIÓN FÍSICA
Extensión 253 p.
Dimensiones 19 cm
546 ## - NOTA DE LENGUA
Nota de lengua Traducción de: Bokhanleren I kabul et familiedrama
650 24 - PUNTO DE ACCESO ADICIONAL DE MATERIA - TÉRMINO DE MATERIA
9 (RLIN) 29469
Término de materia o nombre geográfico como elemento inicial Novela noruega
700 1# - PUNTO DE ACCESO ADICIONAL - NOMBRE DE PERSONA
9 (RLIN) 36695
Nombre de persona Hoyrup, Sara
700 1# - PUNTO DE ACCESO ADICIONAL - NOMBRE DE PERSONA
9 (RLIN) 36696
Nombre de persona Covián, Marcelo
942 ## - ENTRADA DE ELEMENTOS AGREGADOS (KOHA)
Fuente de clasificaión o esquema Dewey Decimal Classification
Koha [por defecto] tipo de item 1- Monografias
Parte de clasificación prozim
Existencias
Suprimido Perdido Fuente de clasificación o esquema Estropeado Restricciones de uso No para préstamo Código de colección Localización permanente Localización actual Localización en estanter&íacute;as Fecha adquisición Fuente de adquisición Número de inventario Préstamos totales Signatura completa Código de barras Fecha última consulta Coste, precio reemplazado Fecha del precio de reemplazo Tipo de item de Koha
NULL NULL Dewey Decimal Classification NULL Prestable NULL NULL Biblioteca Miguel de Cervantes - UNICAES Biblioteca Miguel de Cervantes - UNICAES Sala Principal 13/10/2015 Donación - ADESH 030507   N SEI lib 1034400 13/10/2015 12.33 13/10/2015 1- Monografias